Hypotézy o vztahu inovací a makroekonomického růstu v tržní ekonomice.
Rozvoj kapitalistickej ekonomiky prebieha v cykloch, ovplyvnených najmä nerovnomerným výstupom inovácií a je preto procesom narušovania vznikajúcich rovnováh. Rozbor teórie "dlhých vĺn" z hľadiska mechanizmu pulzovania trhovej ekonomiky vo svetovom meradle a spojovania jednotlivých vĺn so špecifický...
Salvato in:
| Autore principale: | |
|---|---|
| Natura: | Capitolo di libro |
| Lingua: | ceco |
| Soggetti: | |
| Tags: |
Nessun Tag, puoi essere il primo ad aggiungerne!!
|
MARC
| LEADER | 00000naa a2200000 4500 | ||
|---|---|---|---|
| 001 | r001595 | ||
| 005 | 20220819180806.0 | ||
| 041 | 0 | |a cze | |
| 044 | |a [CS] | ||
| 245 | 1 | 0 | |a Hypotézy o vztahu inovací a makroekonomického růstu v tržní ekonomice. |c M. Mejstřík |
| 520 | |a Rozvoj kapitalistickej ekonomiky prebieha v cykloch, ovplyvnených najmä nerovnomerným výstupom inovácií a je preto procesom narušovania vznikajúcich rovnováh. Rozbor teórie "dlhých vĺn" z hľadiska mechanizmu pulzovania trhovej ekonomiky vo svetovom meradle a spojovania jednotlivých vĺn so špecifickým obsahom zhlukov bázických inovácií a typických sociálno-ekonomických inštitúcií. | ||
| 610 | 2 | 0 | |a inovácia |
| 610 | 2 | 0 | |a hospodárstvo trhové |
| 610 | 2 | 0 | |a rovnováha hospodárska |
| 610 | 2 | 0 | |a výstupy |
| 610 | 2 | 0 | |a teórie ekonomické |
| 610 | 2 | 0 | |a cykly hospodárske |
| 610 | 2 | 0 | |a modely simulačné |
| 610 | 2 | 0 | |a svet |
| 100 | 1 | |a Mejstřík, M. | |